000 01655nam a2200505 i 4500
001 5032
003 KOSZ 005
005 20200429133024.0
008 971010s1989 pl a |000 0 pol
015 _aUWD 1989/2188
020 _a8301081791
035 _a991002573509705066
035 _a(PL-WaBN)b10705429-48omnis_nlop
035 _ab10705429
035 _a(OCoLC)751320628
035 _a(PL)b0000001070542
035 _a(EXLNZ-48OMNIS_NETWORK)9910489446405606
040 _aWA N
_cWA N
_dKOSZ 005/AR
041 _apol
044 _apl
046 _k1989
080 _a621.31
080 _a(075.8)
100 1 _aMarkiewicz, Henryk
_d(1933- )
_eAutor
245 1 0 _aAparaty elektryczne /
_cHenryk Markiewicz.
260 _aWarszawa :
_bPaństwowe Wydawnictwo Naukowe,
_c1989.
300 _a286, [2] strony :
_bilustracje ;
_c24 cm.
336 _aTekst
_btxt
_2rdacontent
337 _aBez urządzenia pośredniczącego
_bn
_2rdamedia
338 _aWolumin
_bnc
_2rdacarrier
380 _aKsiążki
380 _aPublikacje fachowe
388 _a1901-2000
388 _a1945-1989
504 _aBibliografia na stronach 285-287.
521 _aDla studentów wydziałów elektrycznych wyższych szkół technicznych.
650 7 _aElektroenergetyka
650 7 _aUrządzenia elektryczne
_2DBN
655 7 _aPodręczniki akademickie
_2DBN
658 _aInżynieria i technika
710 _4pbl
_aPaństwowe Wydawnictwo Naukowe
856 _uhttp://koha.tu.koszalin.pl/cgi-bin/koha/opac-detail.pl?biblionumber=5032
_yKatalog online BPK
942 _2UKD
_cKS
999 _c5032
_d5032